00735nam a22002417a 4500003000500000005001700005008004100022010001000063011001000073035001100083040000900094100002300103245008300126260005500209300001900264490004600283650003300329650001800362650003100380650001400411700002200425830004600447CHAP20220329143540.0100514s1996 us a r 00010 eng d a98403 a99375 a110061 cCHAP00aKvist, Lars Peter.10aRevision of Pearcea (Gesneriaceae)c/por Lars Peter Kvist and Laurence E. Skog aWashington, D.C. :bSmithsonian Institution,c1996 a47 p. :bilus. 0aSmithsonian contributions to botanyv; 8414aBotánicaxClasificación.14aGesneriaceae.14aPlantasxIdentificación.14aVioletas.0 aSkog, Laurence E.0 aSmithsonian contributions to botanyv; 84